Quantity Surveying & Cost Estimation CE-372 (Record no. 554432)
[ view plain ]
| 000 -LEADER | |
|---|---|
| fixed length control field | 00309nam a22001097a 4500 |
| 082 ## - DEWEY DECIMAL CLASSIFICATION NUMBER | |
| Classification number | CP-98 |
| 100 ## - MAIN ENTRY--PERSONAL NAME | |
| Personal name | Hussain, Shahid |
| 9 (RLIN) | 17022 |
| 245 ## - TITLE STATEMENT | |
| Title | Quantity Surveying & Cost Estimation CE-372 |
| Remainder of title | OD/CED-88/89, Spring Semester 2020 |
| 260 ## - PUBLICATION, DISTRIBUTION, ETC. | |
| Place of publication, distribution, etc. | Risalpur, |
| Name of publisher, distributor, etc. | MCE, |
| Date of publication, distribution, etc. | 2020. |
| 526 ## - STUDY PROGRAM INFORMATION NOTE | |
| Program name | 0 |
| Interest level | 0 |
| Reading level | 0 |
| Title point value | CP_98 |
| 942 ## - ADDED ENTRY ELEMENTS (KOHA) | |
| Source of classification or shelving scheme | |
| Koha item type | Book |
| Withdrawn status | Lost status | Source of classification or shelving scheme | Damaged status | Not for loan | Permanent Location | Current Location | Date acquired | Total Checkouts | Full call number | Barcode | Date last seen | Price effective from | Koha item type |
|---|---|---|---|---|---|---|---|---|---|---|---|---|---|
| Military College of Engineering (MCE) | Military College of Engineering (MCE) | 10/27/2020 | CP-98 | MCE-CP-98 | 10/27/2020 | 10/27/2020 | Book |
